Top 20 Billboard - 1970 - Statistiques

Statistiques générales
  • Ce quiz a été pris 14 fois
  • Le résultat moyen est 4 sur 20
Statistiques - réponses
Date de Parution Titres Artistes % Correct
9 Mars 1970 Let It Be The Beatles
92%
7 Août 1970 I'll Be There The Jackson 5
67%
15 1970 ABC The Jackson 5
67%
16 Mai 1970 The Love You Save The Jackson 5
67%
1 Janvier 1970 Bridge Over Troubled Water Simon & Garfunkel
42%
6 Juillet 1970 Ain't No Mountain High Enough Diana Ross
8%
20 Mai 1970 Spill the Wine Eric Burdon & War
8%
2 Mai 1970 (They Long to Be) Close to You The Carpenters
8%
11 Mai 1970 Mama Told Me Not to Come Three Dog Night
8%
4 Octobre 1969 Raindrops Keep Fallin' on My Head B.J Thomas
0%
13 Avril 1970 Make It with You Bread
0%
18 Juillet 1970 Candida Dawn
0%
5 Juin 1970 War Edwin Starr
0%
10 Février 1970 Band of Gold Freda Payne
0%
17 Juillet 1970 Cracklin' Rosie Neil Diamond
0%
8 Février 1970 Get Ready Rare Earth
0%
12 Mars 1970 Everything Is Beautiful Ray Stevens
0%
19 Décembre 1969 Thank You Sly and the Family Stone
0%
3 Mars 1970 American Woman The Guess Who
0%
14 Novembre 1969 (UK)Mars 1970 (US) Hitchin' a Ride Vanity Fare
0%
Aucun quiz correspondant
Distribution des résultats
% des personnes avec chaque résultat
Percentile par nombre de réponses
Votre historique - résultats
Vous n’avez pas pris ce quiz